00777nam a22002057a 450000500170000001000150001702000270003203500130005903700130007208200120008524500980009726000400019527000730023530000240030850000500033270000190038294200260040199900170042795201270044420130612161550.0 aENG-107381 a9788178312552c1000.00 aEN-90914 bDBAD/PUB a320.954 aTowards an inclusive India : cedited by G. Gopa Kumarbrole of parliament in social change / aNew DelhibManak Publicationsc2011 aB-7,Saraswati Complex, Subhash Chowk, Laxmi NagarbNew Delhie110092 axxx,376p.c23cm(Hb) aIncludes bibliographical references and index aGopa Kumar, G. 2ddccENmTOWh320.954 c75994d75994 001040718NFICaDBADbDBADd2013-05-23eDBAD/PUBg1000.00l0o320.954 TOWpEN-90914r2013-05-23 00:00:00t1v1000.00yEN